Państwa w języku tureckim - Statystyki

Ogólne statystyki
  • Ten quiz został rozwiązany 296 razy
  • Średni wynik to 10 z 18
Statystyki odpowiedzi
Turecki Polskie % Poprawnych
Polonya Polska
99%
İspanya Hiszpania
84%
Hindistan Indie
81%
Almanya Niemcy
76%
Çin Chiny
75%
Belçika Belgia
64%
Ermenistan Armenia
62%
Kıbrıs Cypr
62%
Birleşik Devletler Stany Zjednoczone
60%
Yunanistan Grecja
59%
Avusturya Austria
49%
Gürcistan Gruzja
44%
İsveç Szwecja
40%
İsviçre Szwajcaria
32%
Mısır Egipt
29%
Macaristan Węgry
29%
Sırp Serbia
27%
Cezayir Algieria
8%
Nie znaleziono quizów pasujących do podanych kryteriów
Rozkład punktacji
Procent ludzi z każdym wynikiem
Percentyl według liczby udzielonych odpowiedzi
Twoja historia wyników
Nie rozwiązałeś tego quizu